00454nam a22001217a 4500008004100000040005500041080002100096245009400117260006600211300001100277650001600288653002800304230516b |||||||| |||| 00| 0 eng d aNational Science LibrarycNational Science Library aR 68(058.7) bL5 aSome leading manufacturers in India c/ National Industrial Development Corporation Ltd.  aNew Delhi: bFederation of Indian Export Organisation, c1975 a139p.  aIndustries  aEngineering industries